Linear accelerators /

Bibliographic Details
Main Author: Lapostolle, Pierre M.
Other Authors: Septier, Albert L.
Format: Book
Language:English
Published: Amsterdam : North Holland Pub. Co., 1970.
Subjects:

MARC

Tag First Indicator Second Indicator Subfields
LEADER 00000cam a2200000 4500
001 in00000307336
005 20151010143751.0
008 700827s1970 ne a b 00110 eng d
010 |a  70097209  
015 |a Ne70-12 
035 |a (OCoLC)00096116 
035 |9 ABH5760AM 
037 |c 197.60 
040 |a DLC  |c DLC  |d TXA  |d UtOrBLW 
049 |a TXAM  |c [1141393] 
050 0 0 |a QC787.L5  |b L36 
082 0 |a 539.7/33 
100 1 |a Lapostolle, Pierre M. 
245 1 0 |a Linear accelerators /  |c Ed. by Pierre M. Lapostolle and Albert L. Septier. 
264 1 |a Amsterdam :  |b North Holland Pub. Co.,  |c 1970. 
300 |a xxi, 1204 pages with illustrations ;  |c 25 cm. 
336 |a text  |b txt  |2 rdacontent 
337 |a unmediated  |b n  |2 rdamedia 
338 |a volume  |b nc  |2 rdacarrier 
500 |a "Sole distributors for the Western Hemisphere: Wiley Interscience Division, John Wiley & Sons, Inc., New York." 
504 |a Includes bibliographies. 
650 0 |a Linear accelerators. 
700 1 |a Septier, Albert L. 
999 |a MARS 
999 f f |s 280a6f97-5e81-383c-bf52-24ba28830163  |i a7e6d258-d33b-3228-9ea8-7a5b35c2b15b  |t 0 
952 f f |p normal  |a Texas A&M University  |b College Station  |c Sterling C. Evans Library  |d Evans: Library Stacks  |t 0  |e QC787.L5 L36  |h Library of Congress classification  |i unmediated -- volume  |m A14804649918 
998 f f |a QC787.L5 L36  |t 0  |l Evans: Library Stacks